000
00267nam a2200109Ia 4500
008
220204s9999 xx 000 0 und d
082
_a
82-312.4
_b
TAY
100
_a
Taylor, B T
245
0
_a
Stories of magic and mystery
260
_a
New York
_b
Moby
_c
1979
942
_c
BK
999
_c
37670
_d
37670